| 000 | 00848nam a2200241 a 4500 | ||
|---|---|---|---|
| 003 | MX-MxUPN | ||
| 005 | 20240807063745.0 | ||
| 008 | 991125s1930 cu r 000 0 spa d | ||
| 035 | _aUPN01000038719 | ||
| 040 |
_aMX-MxUPN _bspa _cMX-MxUPN |
||
| 041 | 0 | _aspa | |
| 050 | 1 | 4 |
_aQA135 _bP4.5 |
| 100 | 1 |
_aPérez Somossa, J. Elpidio _952860 |
|
| 245 | 1 | 0 | _aMetodología de la aritmética elemental |
| 260 |
_aLa Habana : _bCultural, _c1930. |
||
| 300 | _a305 páginas | ||
| 500 | _aEjemplar numerado (293) y firmado por el autor. | ||
| 650 | 4 |
_aAritmética _xEstudio y enseñanza _97853 |
|
| 650 | 4 |
_aAritmética _xMetodología _97859 |
|
| 710 | 1 |
_aMéxico. _bSecretaría de Educación Pública. _bBiblioteca Pública _951349 _epropietario anterior |
|
| 710 | 2 |
_aMuseo Pedagógico Nacional (México) _951335 _epropietario anterior |
|
| 942 |
_2lcc _cLIBRO |
||
| 999 |
_c38719 _d38719 |
||